<?xml version="1.0" encoding="UTF-8"?>
<collection xmlns="http://www.loc.gov/MARC21/slim">
 <record>
  <leader>00628pamaa2200169   4500</leader>
  <controlfield tag="001">0000020529</controlfield>
  <controlfield tag="005">20051118090000.0</controlfield>
  <datafield tag="020" ind1="0" ind2="0">
   <subfield code="a">0520061012 </subfield>
  </datafield>
  <datafield tag="082" ind1=" " ind2=" ">
   <subfield code="a">305.0942 GOU</subfield>
  </datafield>
  <datafield tag="090" ind1="0" ind2="0">
   <subfield code="a">HN398.E5 </subfield>
   <subfield code="b">GOU</subfield>
  </datafield>
  <datafield tag="100" ind1="1" ind2="0">
   <subfield code="a">GOULD </subfield>
  </datafield>
  <datafield tag="245" ind1="1" ind2="0">
   <subfield code="a">Revolution in the development of capitalism : </subfield>
   <subfield code="b">the coming of the English revolution  </subfield>
   <subfield code="c">Mark Gould.</subfield>
  </datafield>
  <datafield tag="260" ind1="0" ind2="0">
   <subfield code="a">Berkeley: </subfield>
   <subfield code="b">University of California Press, </subfield>
   <subfield code="c">1987.</subfield>
  </datafield>
  <datafield tag="300" ind1=" " ind2=" ">
   <subfield code="a">xxvii, 508p.; </subfield>
   <subfield code="c">21cm.</subfield>
  </datafield>
  <datafield tag="650" ind1="0" ind2="0">
   <subfield code="a">Social structure -- </subfield>
   <subfield code="x">History -- </subfield>
   <subfield code="y">17th century -- </subfield>
   <subfield code="z">England </subfield>
  </datafield>
  <datafield tag="650" ind1="0" ind2="0">
   <subfield code="a">Revolutions -- </subfield>
   <subfield code="x">History -- </subfield>
   <subfield code="y">17th century -- </subfield>
   <subfield code="z">England </subfield>
  </datafield>
  <datafield tag="651" ind1="0" ind2="0">
   <subfield code="a">England -- </subfield>
   <subfield code="x">Social conditions -- </subfield>
   <subfield code="y">17th century </subfield>
  </datafield>
 </record>
</collection>
